| 000 -ლიდერი |
| ფიქსირებული სიგრძის საკონტროლო ველი |
01066nam a2200229Ia 4500 |
| 001 - საკონტროლო ნომერი |
| საკონტროლო ველი |
2070 |
| 003 - საკონტროლო ნომრის იდენტიფიკატორი |
| საკონტროლო ველი |
GE_BSU |
| 005 - ბოლო ოპერაციის თარიღი და დრო |
| საკონტროლო ველი |
20190514145223.0 |
| 008 - ფიქსირებული სიგრძის მონაცემთა ელემენტები - ზოგადი ინფორმაცია |
| ფიქსირებული სიგრძის საკონტროლო ველი |
181216s2002||||ge |||||||||||||| ||geo|| |
| 040 ## - კატალოგიზაციის წყარო |
| Transcribing agency |
GE_BSU |
| 041 ## - ენის კოდი |
| Language code of text/sound track or separate title |
geo |
| 080 ## - უნივერსალური ათობითი კლასიფიკაციის ინდექსი |
| Universal Decimal Classification number |
512.5/8(075.8) ქ–16 |
| 100 ## - მთავარი ჩანაწერი - პიროვნების სახელი |
| Personal name |
ქათამაძე, რ. |
| 9 (RLIN) |
1104 |
| 245 ## - ცნობა სათაურის შესახებ |
| Title |
უმაღლესი ალგებრის ამოცანათა კრებული : |
| Remainder of title |
სახელმძღვანელო უნ–ტის მათემატიკის სპეციალობის სტუდენტებისათვის / |
| Statement of responsibility, etc |
რ. ქათამაძე; რედ ი. დიდმანიძე. |
| 264 ## - წარმოების, გამოცემის, დისტრიბუციის და სხვა ცნობები |
| გამოცემის, წარმოების, დისტრიბუციის... ადგილი |
ბათუმი : |
| გამოცემის, წარმოების, დისტრიბუციის... სახელწოდება |
საბჭოთა აჭარა, |
| გამოცემის, წარმოების, დისტრიბუციის... თარიღი |
2002. |
| 300 ## - ფიზიკური აღწერა |
| Extent |
322 გვ. |
| Other physical details |
19 სმ. |
| 653 ## - INDEX TERM--UNCONTROLLED |
| Uncontrolled term |
მათემატიკა |
| 653 ## - INDEX TERM--UNCONTROLLED |
| Uncontrolled term |
ალგებრა |
| 653 ## - INDEX TERM--UNCONTROLLED |
| Uncontrolled term |
უმაღლესი ალგებრა |
| 700 ## - ADDED ENTRY--PERSONAL NAME |
| Personal name |
დიდმანიძე, ი. |
| Relator term |
რედაქტორი |
| 9 (RLIN) |
511 |
| 942 ## - ADDED ENTRY ELEMENTS (KOHA) |
| Koha item type |
წიგნი |
| Source of classification or shelving scheme |
|